000 00290nam a22001337a 4500
003 OSt
008 240323b |||||||| |||| 00| 0 eng d
020 _a9788182093195
082 _a658.45 SUB
100 _aSUNDAR,K
245 _aBusiness Communication
300 _a519
942 _2ddc
_cREF
999 _c12262
_d12262